Džezáky patrili hlavne Afrike, klasike a house

Bibliographic Details
Main Author: Jaslovský, Marian, 1963- (Author)
Format: Article
Language:Slovak
PhysicalDescription:Fotogr.
ISSN:1335-440X
Subjects:

MARC

LEADER 00000nab a2200000 ar4500
001 vtls008886561
003 SK-MaSNL
005 20260426070031.0
008 061129c20061023xo dr|p|||||||000 b|slo
015 |a SNBRB2006/11  |2 snkbucl 
038 |a SNKBUCL 
040 |a SNKBUCL  |b slo  |c SNKBUCL  |e AACR2 
041 0 |a slo 
044 |a xo  |c SK 
080 |a 78.079:785.16  |2 UDC-MRF-SK2 
080 |a 785.16  |2 UDC-MRF-SK2 
100 1 |a Jaslovský, Marian,  |d 1963-  |4 aut  |9 102033 
245 1 0 |a Džezáky patrili hlavne Afrike, klasike a house  |c Marian Jaslovský 
300 |b Fotogr. 
611 2 7 |a Bratislavské jazzové dni  |n (32. :  |d 2006 :  |c Bratislava, Slovensko)  |2 snkbucl  |9 243457 
650 0 7 |a džez  |2 snkbucl  |9 3178 
651 7 |a Bratislava (Slovensko)  |2 snkbucl  |9 14568 
773 0 |t Sme. Práca  |g Roč. 15, č. 244 (23.10.2006), s. 12  |x 1335-440X 
852 |a SNK  |b KIS3GCP 
958 |a SK 
999 |c 2649821  |d 2651751